| 000 | 00361 a2200133 4500 | ||
|---|---|---|---|
| 005 | 20250318080332.0 | ||
| 020 | _a0-7166-3185-7 | ||
| 082 | _a370.152 ZEL | ||
| 245 | _aThe World Book Learning library Volume 1 Study Skills. | ||
| 260 |
_aChicago, _bWorld Book, _c1986. |
||
| 300 |
_a126p.: ill.; picture _bIndex, _c24cm |
||
| 700 | _aZELENY, O. R. | ||
| 942 |
_2ddc _cBKS |
||
| 999 |
_c852 _d852 |
||